[Event "IMB2"]
[Site "Marianske Lazne CZE"]
[Date "2008.01.25"]
[Round "8"]
[White "Braun,P"]
[Black "Nilsson,S"]
[Result "1/2-1/2"]
[WhiteElo "2309"]
[BlackElo "2201"]

1.e4 d5 2.exd5 Qxd5 3.Nc3 Qd6 4.d4 Nf6 5.Nge2 Bf5 6.Bf4 Qd8 7.Ng3 Be6 8.Qd2 c6
9.Be2 Nbd7 10.O-O g6 11.Rfe1 Bg7 12.Rad1 O-O 13.Bh6 Nb6 14.Bxg7 Kxg7 15.Qc1 Bc4
16.b3  1/2-1/2

[Event "6th ch-PriFO Men"]
[Site "Kazan RUS"]
[Date "2008.01.26"]
[Round "4"]
[White "Geller,J"]
[Black "Terekhin,A"]
[Result "0-1"]
[WhiteElo "2511"]
[BlackElo "2314"]

1.e4 d5 2.exd5 Qxd5 3.Nc3 Qd8 4.Bc4 Nf6 5.Nge2 c6 6.O-O b5 7.Bb3 a5 8.a3 e6
9.d3 Be7 10.Ng3 Bb7 11.f4 Nbd7 12.f5 e5 13.Nce4 Nc5 14.Nxc5 Bxc5+ 15.Kh1 h5
16.Bg5 h4 17.Ne2 h3 18.Nc3 Bd4 19.Qf3 hxg2+ 20.Qxg2 Qc7 21.Bxf6 gxf6 22.Ne4 O-O-O
23.c3 Be3 24.Qg7 c5 25.Bxf7 Kb8 26.Qg6 Rxd3  0-1

[Event "6th ch-PriFO Men"]
[Site "Kazan RUS"]
[Date "2008.01.26"]
[Round "4"]
[White "Orekhov,V"]
[Black "Atangulov,R"]
[Result "1-0"]
[WhiteElo "2263"]
[BlackElo "2146"]

1.e4 d5 2.exd5 Qxd5 3.Nc3 Qd8 4.d4 e6 5.Nf3 Nf6 6.Bd3 Be7 7.O-O O-O 8.Qe2 b6
9.Bf4 a6 10.Rad1 Bb7 11.Rfe1 Re8 12.Ne5 b5 13.Qe3 Nbd7 14.Qh3 Nf8 15.a4 b4
16.Ne4 Nxe4 17.Bxe4 Bxe4 18.Rxe4 Qd5 19.Qf3 f6 20.Nd3 f5 21.Re2 Qxf3 22.gxf3 c6
23.b3 Red8 24.Ne5 Rac8 25.Nc4 c5 26.Red2 Ng6 27.Be5 Nh4 28.Rd3 cxd4 29.Kf1 Bc5
30.h3 Rd5 31.Bxd4 Bxd4 32.Rxd4 Rcd8 33.Rxd5 Rxd5 34.Rxd5 exd5 35.Ne5 a5 36.Nc6 Nxf3
37.h4 h5 38.Ke2 Nxh4 39.Nxa5 Ng2 40.Kf1 Nf4 41.Nc6 Ne6 42.Ne7+ Kf7 43.Nxd5 Ke8
44.Nxb4 Kd7 45.a5 Nd4 46.f4 Kd6 47.a6 Kc7 48.Kf2 Kb6 49.Ke3 Ne6 50.Nd5+ Kxa6
51.Ne7 g5 52.fxg5 Nxg5 53.Nxf5 Kb5 54.c3 Ne6 55.Nd4+ Nxd4 56.Kxd4  1-0

[Event "ch-Kyiv Men"]
[Site "Kyiv UKR"]
[Date "2008.01.27"]
[Round "7"]
[White "Zsiltzova Lisenko,L"]
[Black "Dobrzhanskaya,I"]
[Result "1-0"]
[WhiteElo "2294"]
[BlackElo "2087"]

1.e4 d5 2.exd5 Qxd5 3.Nc3 Qd6 4.d4 Nf6 5.Nf3 g6 6.Bc4 Bg7 7.O-O O-O 8.Nb5 Qb6
9.a4 c6 10.a5 Qd8 11.Nc3 Bg4 12.Bb3 Nbd7 13.h3 Bxf3 14.Qxf3 e5 15.Be3 Qe7
16.a6 e4 17.Qf4 b5 18.d5 b4 19.d6 Qe5 20.Qxe5 Nxe5 21.Na4 Ned7 22.Rfd1 Rfc8
23.Rd2 c5 24.Bd5 Nxd5 25.Rxd5 Bd4 26.Bxd4 cxd4 27.Rxd4 Rxc2 28.Rxe4 Rd2 29.Rxb4 Rxd6
30.Rb7 Ne5 31.Nc5 Rc6 32.b4 Nc4 33.Rd1 Nb6 34.Nd7 Nxd7 35.Rdxd7 Rxa6 36.Rxf7 h5
37.b5 Ra1+ 38.Kh2 Rb8 39.Rg7+ Kh8 40.Rh7+ Kg8 41.Rbg7+ Kf8 42.Rc7 Kg8 43.Rhg7+ Kf8
44.Rxg6 Rxb5 45.Rh6 Kg8 46.Rd6 Rb8 47.Rdd7 a5 48.Rg7+ Kf8 49.Rcf7+ Ke8 50.Ra7 Kf8
51.Rh7 Kg8 52.Rxh5 a4 53.Rhh7 Ra2 54.Rhg7+ Kf8 55.Rgf7+ Kg8 56.Rf4 Rbb2 57.Rfxa4 Rxa4
58.Rxa4 Rxf2 59.Ra7 Rb2 60.Kg3 Rb4 61.h4 Kh8 62.h5 Kg8 63.Kh3 Kh8 64.g4 Rb1
65.Kh4 Rc1 66.h6 Rh1+ 67.Kg5 Rb1 68.Kh5 Rb6 69.g5 Rb5 70.Rd7 Ra5 71.Re7 Kg8
72.Kg6 Ra6+ 73.Kf5 Ra1 74.Kf6 Ra8 75.g6 Kh8 76.Ke6 Kg8 77.Rg7+ Kh8 78.Rd7 Re8+
79.Kf7 Rf8+ 80.Ke7 Rg8 81.Rd8 Rxd8 82.Kxd8  1-0

[Event "13th HIT Open A"]
[Site "Nova Gorica SLO"]
[Date "2008.01.27"]
[Round "3"]
[White "Krivec,J"]
[Black "Drazic,S"]
[Result "0-1"]
[WhiteElo "2345"]
[BlackElo "2489"]

1.e4 d5 2.exd5 Qxd5 3.Nc3 Qd6 4.d4 Nf6 5.Nf3 c6 6.Bd3 Bg4 7.Ne4 Nxe4 8.Bxe4 Nd7
9.O-O Nf6 10.Re1 e6 11.c3 Nxe4 12.Rxe4 Bf5 13.Bf4 Qd8 14.Re3 Be7 15.Qb3 Qb6
16.Ne5 h5 17.Nc4 Qxb3 18.axb3 g5 19.Be5 f6 20.Bd6 Kf7 21.Bxe7 Kxe7 22.b4 Kd7
23.h3 Kc7 24.Kh2 h4 25.f3 a6 26.Ree1 Rae8 27.Ne3 Bg6 28.Ng4 Rhf8 29.Re2 Bd3
30.Rd2 Bf5 31.Ne3 Bg6 32.Rad1 Rd8 33.Nc4 Bf7 34.Ne3 Rd6 35.Re2 Bg8 36.Rde1 Rd7
37.Ng4 Rh7 38.Re3 Kd6 39.R3e2 Re7 40.Kg1 Bh7 41.Ne3 Kd7 42.Ng4 Bd3 43.Rd2 Bf5
44.Ne3 Bg6 45.Ng4 Ke8 46.Rde2 Kf7 47.Nh6+ Kg7 48.Ng4 Bf5 49.Ne3 Bd3 50.Rd2 Bg6
51.Nc4 Rd8 52.Re3 Bf7 53.Re1 Ree8 54.Ne3 e5 55.Rde2 Kg6 56.dxe5 Rxe5 57.Nc2 Rxe2
58.Rxe2 Bc4 59.Rf2 b6 60.Ne3 Bb3 61.f4 Re8 62.f5+ Kf7 63.Ng4 Re1+ 64.Kh2 Bd5
65.Rd2 Ke7 66.Rd3 Be4 67.Re3 Rxe3 68.Nxe3 b5 69.g3 Kd6 70.gxh4 gxh4 71.Ng4 Bxf5
72.Nxf6 Ke5 73.Ng8 Kf4 74.Ne7 Be4 75.Nc8 Ke5 76.Nb6 Bf5 77.c4 Kd4 78.c5 Kd3
79.Na8 Kc4 80.Nc7 Bc8  0-1

[Event "FINEC GMB"]
[Site "St Petersburg RUS"]
[Date "2008.01.27"]
[Round "4"]
[White "Khakimov,T"]
[Black "Ginzburg,Mi"]
[Result "1-0"]
[WhiteElo "2380"]
[BlackElo "2262"]

1.e4 d5 2.exd5 Qxd5 3.Nc3 Qd6 4.d4 Nf6 5.Nf3 a6 6.Be3 Nc6 7.Qd2 Bg4 8.Ng5 Bf5
9.f3 e6 10.Nge4 Qd7 11.Nxf6+ gxf6 12.Ne4 Be7 13.O-O-O O-O-O 14.c4 Bg6 15.h4 h5
16.Be2 f5 17.Nc5 Bxc5 18.dxc5 Qxd2+ 19.Rxd2 Rxd2 20.Kxd2 f6 21.Rh3 Kd7 22.Rg3 Bf7
23.f4 e5 24.Kc3 Ke6 25.Rg7 Ne7 26.fxe5 fxe5 27.Bg5 Ng6 28.c6 bxc6 29.c5 Ne7
30.Bxa6 Nd5+ 31.Kd2 Rb8 32.Kc2 Rb4 33.Bc8+  1-0

[Event "13th HIT Open A"]
[Site "Nova Gorica SLO"]
[Date "2008.01.28"]
[Round "4"]
[White "Pavasovic,D"]
[Black "Skoberne,J"]
[Result "1-0"]
[WhiteElo "2601"]
[BlackElo "2484"]

1.e4 d5 2.exd5 Qxd5 3.Nc3 Qd6 4.d4 Nf6 5.Nf3 c6 6.Ne5 Nbd7 7.Nc4 Qc7 8.Qf3 Nb6
9.Bf4 Qd8 10.Be5 Bg4 11.Qg3 h5 12.h4 Nbd5 13.Nxd5 Nxd5 14.Qb3 Qd7 15.Ne3 Nxe3
16.Qxe3 O-O-O 17.f3 Bf5 18.O-O-O f6 19.Bh2 e5 20.Bd3 Bxd3 21.dxe5 Qe6 22.Qxa7 Qc4
23.Qa8+ Kc7 24.Qa5+ Kc8 25.Rxd3 Rxd3 26.exf6 Rd6 27.fxg7  1-0

[Event "13th HIT Open A"]
[Site "Nova Gorica SLO"]
[Date "2008.01.29"]
[Round "5"]
[White "Fercec,N"]
[Black "Milanovic,Da"]
[Result "1/2-1/2"]
[WhiteElo "2473"]
[BlackElo "2510"]

1.e4 d5 2.exd5 Qxd5 3.Nc3 Qd6 4.d4 Nf6 5.Bc4 a6 6.Bb3 Nc6 7.Nge2 e5 8.dxe5 Qxd1+
9.Nxd1 Nxe5 10.Ndc3 h6 11.Bf4 Bd6 12.O-O-O O-O 13.f3 Re8 14.Kb1  1/2-1/2

[Event "FINEC GMB"]
[Site "St Petersburg RUS"]
[Date "2008.01.30"]
[Round "7"]
[White "Klimov,S"]
[Black "Ginzburg,Mi"]
[Result "1-0"]
[WhiteElo "2483"]
[BlackElo "2262"]

1.e4 d5 2.exd5 Qxd5 3.Nc3 Qd6 4.d4 Nf6 5.Nf3 a6 6.g3 Bg4 7.Bg2 Nc6 8.O-O O-O-O
9.h3 Bh5 10.Bf4 Qb4 11.a3 Qxb2 12.Qd3 Bg6 13.Qc4 Qxc2 14.Rfd1 Nd5 15.Rac1 Nb6
16.Qf1 Qb3 17.d5 Nxd5 18.Nd2 Qxc3 19.Rxc3 Nxc3 20.Bxc6 Nxd1 21.Nb3 e5 22.Na5 exf4
23.Bxb7+ Kd7 24.Qxd1+ Bd6 25.Qa4+ Ke6 26.gxf4 Rhe8 27.Nc6 Rb8 28.Nxb8 Rxb8
29.Qxa6 Kf5 30.Qc4 Kf6 31.Qc6 Bf5 32.a4 Bd7 33.Qc3+ Ke7 34.Bc6 Rb1+ 35.Kg2 Bxc6+
36.Qxc6 Ra1 37.Qb5 Rc1 38.a5 Rc2 39.a6 Bc5 40.Qc6 Rxf2+ 41.Kg3 Bb6 42.Qxb6  1-0

[Event "13th HIT Open A"]
[Site "Nova Gorica SLO"]
[Date "2008.01.31"]
[Round "8"]
[White "Hera,I"]
[Black "Milanovic,Da"]
[Result "1/2-1/2"]
[WhiteElo "2526"]
[BlackElo "2510"]

1.e4 d5 2.exd5 Qxd5 3.Nc3 Qd6 4.d4 Nf6 5.Nf3 a6 6.g3 Bg4 7.h3 Bxf3 8.Qxf3 c6
9.Be3 e6 10.Bg2 Nbd7 11.O-O Be7 12.Rfd1 O-O 13.a3 Qc7 14.Ne2 a5 15.c4 e5
16.g4 exd4 17.Nxd4 g6 18.Bf4 Qc8 19.Re1 Re8 20.Bg5 Kg7 21.Qc3 h6 22.Bf4 Kh7
23.Bf3 Ng8 24.Rad1 a4 25.Qd2 Nc5 26.Be5 Bg5 27.Qb4 Nd7 28.Bg3 Be7 29.Qd2 Ndf6
30.Qc2 Bc5 31.Rxe8 Qxe8 32.Ne2 Nd7 33.Nc3 Nb6 34.Ne4 Qe7 35.Qc3 Qf8 36.Be5 Be7
37.Qd4 c5 38.Qc3 Rd8 39.Bc7 Rxd1+ 40.Bxd1 Na8 41.Be5 Nb6 42.Bc7 Na8 43.Bg3 Nb6
44.Qa5 Nxc4 45.Qb5 Qd8 46.Be2 Nd6 47.Bxd6 Bxd6 48.Qxb7 Be7 49.Bc4 Kg7 50.Nc3 Qd4
51.Qd5 Qf4 52.Ne4 Bh4 53.Kg2 Ne7 54.Qd3 Nc6 55.Bd5 Nd4 56.Qe3 Qe5 57.Nc3 Qd6
58.Bf3 Nc2 59.Qe2 Nd4 60.Qe4 Nxf3 61.Kxf3 Qd4 62.Qe3 Qc4 63.Qe4 Qxe4+ 64.Nxe4 Bf6  1/2-1/2

[Event "4th Open A"]
[Site "Moscow RUS"]
[Date "2008.02.02"]
[Round "1"]
[White "Gritsenko,An"]
[Black "Kharitonov,Alexandr"]
[Result "0-1"]
[WhiteElo "2317"]
[BlackElo "2524"]

1.e4 d5 2.exd5 Qxd5 3.Nc3 Qd6 4.d4 Nf6 5.g3 Bg4 6.Qd3 c6 7.Bg2 e6 8.Bf4 Qb4
9.Nf3 Bf5 10.Qd2 Nbd7 11.O-O-O Be7 12.Ne5 Nxe5 13.Bxe5 O-O 14.h3 Nd5 15.g4 Nxc3
16.Qxc3 Qxc3 17.bxc3 Bg6 18.Kd2 Rfd8 19.Rb1 Rd7 20.Rb2 Rc8 21.Ke3 b6 22.c4 f6
23.Bg3 e5 24.dxe5 fxe5 25.Bxe5 Bc5+ 26.Ke2 Re7 27.f4 Bd4 28.Rb3 Bxc2 29.Ra3 Bxe5
30.fxe5 Rxe5+ 31.Re3 Rce8 32.Rxe5 Rxe5+ 33.Kd2 Ba4 34.Rb1 c5 35.Rf1 Bd7 36.a4 Be6
37.Kd3 h5 38.Bf3 hxg4 39.hxg4 Bf7 40.a5 Re7 41.a6 Rd7+ 42.Kc3 Rd4 43.Be2 Re4
44.Rf2 Re3+ 45.Kb2 Kf8 46.g5 Ke7 47.Rg2 Be6 48.Rh2 Bc8 49.Bf1 Bxa6 50.Rh8 Bb7
51.Rg8 Kf7 52.Rb8 Re7 53.Bd3 Be4  0-1

[Event "4th Open A"]
[Site "Moscow RUS"]
[Date "2008.02.02"]
[Round "1"]
[White "Pichugin,An"]
[Black "Ivanov,Ol UKR"]
[Result "0-1"]
[WhiteElo "2176"]
[BlackElo "2454"]

1.e4 d5 2.exd5 Qxd5 3.Nc3 Qd6 4.Nf3 Nf6 5.d4 c6 6.h3 Bf5 7.Be3 e6 8.a3 Nbd7
9.Bd3 Bxd3 10.Qxd3 Qc7 11.O-O Be7 12.Rfe1 O-O 13.Rad1 Rad8 14.Ng5 h6 15.Nf3 Rfe8
16.Qc4 Bd6 17.Qb3 a6 18.Nd2 Nd5 19.Nce4 Be7 20.Nf3 Nxe3 21.Qxe3 Nf6 22.Nxf6+ Bxf6
23.c3 Rd5 24.Qe4 Red8 25.Qe2 Qd7 26.Rb1 g6 27.Ra1 Bg7 28.Rac1 Qc7 29.Qe3 Kh7
30.Rc2 c5 31.dxc5 Rxc5 32.Rd2 Rxd2 33.Qxd2 Rd5 34.Qe2 Qd6 35.Qc2 e5 36.Qe2 b5
37.Qe4 f5 38.Qb4 Qxb4 39.axb4 e4 40.Nh2 Rd2 41.Rb1 f4 42.Kf1 g5 43.Ke1 Rxb2
44.Rxb2 Bxc3+ 45.Rd2 e3 46.Ke2 exd2  0-1

[Event "4th Open C Women"]
[Site "Moscow RUS"]
[Date "2008.02.02"]
[Round "1"]
[White "Ostertag,G"]
[Black "Styazhkina,A"]
[Result "1/2-1/2"]
[WhiteElo "2210"]
[BlackElo "1878"]

1.e4 d5 2.exd5 Qxd5 3.Nc3 Qd6 4.Bc4 Nf6 5.d3 a6 6.Qf3 Nc6 7.Ne4 Qd8 8.Nxf6+ exf6
9.Ne2 Bd6 10.Qe3+ Qe7 11.Qxe7+ Nxe7 12.O-O O-O 13.Nc3 Be6 14.Bxe6 fxe6 15.Ne4 e5
16.Bd2 Nc6 17.Rfe1 Bb4 18.c3 Be7 19.Rad1 Rad8 20.Bc1 Rd7 21.f4 Rfd8 22.fxe5 Nxe5
23.d4 c5 24.Be3 Nc4 25.Re2 Nxe3 26.Rxe3 cxd4 27.Red3 f5 28.Ng3 Bc5 29.Kh1 g6  1/2-1/2

[Event "4th Open C Women"]
[Site "Moscow RUS"]
[Date "2008.02.04"]
[Round "3"]
[White "Kuzmenko,E"]
[Black "Styazhkina,A"]
[Result "0-1"]
[WhiteElo "2118"]
[BlackElo "1878"]

1.e4 d5 2.exd5 Qxd5 3.Nc3 Qd6 4.Nf3 Nf6 5.d4 a6 6.Bc4 Nc6 7.O-O Bf5 8.a3 e6
9.b4 O-O-O 10.Ne2 Bg4 11.Bf4 Qd7 12.Ne5 Bxe2 13.Qxe2 Nxe5 14.dxe5 Nd5 15.Bg3 Qc6
16.Bd3 Nc3 17.Qg4 h5 18.Qg5 Qd5 19.Qe3 h4 20.Bf4 h3 21.gxh3 Qc6 22.Bg5 f6
23.exf6 gxf6 24.Bxf6 Rg8+ 25.Bg5 Rxd3 26.cxd3 Rxg5+ 27.Qxg5 Ne2+  0-1

[Event "4th Open C Women"]
[Site "Moscow RUS"]
[Date "2008.02.04"]
[Round "3"]
[White "Melia,S"]
[Black "Ushenina,A"]
[Result "0-1"]
[WhiteElo "2362"]
[BlackElo "2484"]

1.e4 d5 2.exd5 Qxd5 3.Nc3 Qd6 4.d4 Nf6 5.Bc4 a6 6.Nge2 b5 7.Bb3 e6 8.Bf4 Qd7
9.d5 c5 10.dxc6 Qxc6 11.Qd2 Bc5 12.Be3 Bb7 13.O-O-O O-O 14.f3 Nbd7 15.h4 a5
16.a4 bxa4 17.Bxa4 Qb6 18.Bxc5 Nxc5 19.Qd6 Nxa4 20.Nxa4 Qe3+ 21.Qd2 Qe5 22.Nec3 Nd5
23.Nxd5 Bxd5 24.Qd4 Qc7 25.Nb6 Rad8 26.Nxd5 Rxd5 27.Qa4 Rc5 28.Rd4 Rc8 29.Rd2 Rc4
30.Qb3 a4 31.Qd3 a3 32.Rhd1 axb2+ 33.Kxb2 Qe5+ 34.c3 Qb8+  0-1

[Event "4th Open A"]
[Site "Moscow RUS"]
[Date "2008.02.06"]
[Round "5"]
[White "Najer,E"]
[Black "Kharitonov,Alexandr"]
[Result "1-0"]
[WhiteElo "2634"]
[BlackElo "2524"]

1.e4 d5 2.exd5 Qxd5 3.Nc3 Qd6 4.d4 Nf6 5.Nb5 Qd8 6.c4 c6 7.Nc3 Bg4 8.f3 Bf5
9.g4 Bg6 10.h4 h5 11.g5 Ng8 12.Nh3 Bf5 13.Qb3 Qc8 14.Bf4 e6 15.Nf2 Ne7 16.Nfe4 Ng6
17.Nd6+ Bxd6 18.Bxd6 Qd7 19.Qa3 Na6 20.O-O-O Nc7 21.d5 exd5 22.cxd5 O-O-O
23.Bc5 Nxd5 24.Ne4 a6 25.Nd6+ Kb8 26.Nxb7 Qxb7 27.Bxa6 Ndf4 28.Bd6+  1-0

[Event "4th Open A"]
[Site "Moscow RUS"]
[Date "2008.02.07"]
[Round "6"]
[White "Kurenkov,N"]
[Black "Potapov,Alexe"]
[Result "1-0"]
[WhiteElo "2438"]
[BlackElo "2320"]

1.e4 d5 2.exd5 Qxd5 3.Nc3 Qd6 4.d4 Nf6 5.Nf3 a6 6.Be3 Nc6 7.Bd3 Nb4 8.O-O Nxd3
9.Qxd3 g6 10.Ne4 Nxe4 11.Qxe4 c6 12.Rfe1 Bf5 13.Qh4 O-O-O 14.c4 f6 15.d5 c5
16.b4 b6 17.bxc5 bxc5 18.Nd2 g5 19.Qh5 Kd7 20.Qf3 Bg6 21.Nb3 Rc8 22.Nxc5+ Rxc5
23.Bxc5 Qxc5 24.d6 Qc6 25.Qg4+ f5 26.Qd4 e5 27.Qxe5  1-0

[Event "TCh-FIN 2007-8"]
[Site "Finland FIN"]
[Date "2008.02.09"]
[Round "6"]
[White "Sorsa,M"]
[Black "Kivisto,M"]
[Result "1-0"]
[WhiteElo "2176"]
[BlackElo "2310"]

1.e4 d5 2.exd5 Qxd5 3.Nc3 Qd6 4.d4 a6 5.Nf3 Bg4 6.Bc4 Nf6 7.h3 Be6 8.d5 Bf5
9.Be3 Nbd7 10.Qd2 Ne4 11.Nxe4 Bxe4 12.O-O-O Bxf3 13.gxf3 O-O-O 14.Qd4 Nb6
15.Bb3 Qf6 16.Qe4 Nd7 17.Rhg1 h5 18.Bd4 Qd6 19.Kb1 Nf6 20.Qe1 Qd7 21.h4 Rh6
22.Be5 Ne8 23.Rd3 Qf5 24.Qe3 Rg6 25.Rgd1 Kb8 26.Ka1 e6 27.Bg3 e5 28.Bxe5 Bd6
29.Bd4 Nf6 30.c4 Bf4 31.Qe2 Re8 32.Qc2 Nd7 33.Ba4 Re7 34.c5 Ne5 35.Bxe5 Rxe5
36.Qc4 Ka7 37.Bc2 Rf6 38.Rd4 Bh2  1-0

[Event "4th Open C Women"]
[Site "Moscow RUS"]
[Date "2008.02.09"]
[Round "8"]
[White "Semenova,E"]
[Black "Golubenko,Valen"]
[Result "1-0"]
[WhiteElo "2012"]
[BlackElo "2264"]

1.e4 d5 2.exd5 Qxd5 3.Nc3 Qd6 4.d4 c6 5.Nf3 Nf6 6.Ne5 Bf5 7.Bf4 Qb4 8.Nc4 Ne4
9.a3 Nxc3 10.Qd2 Qb5 11.Nd6+ exd6 12.Bxb5 Nxb5 13.c4 Nc7 14.Qa5 Ne6 15.Qxf5 Be7
16.d5 Nxf4 17.Qc8+ Bd8 18.Qxb7 O-O 19.Qxa8 Bb6 20.O-O-O Ng6 21.c5 Nd7 22.Qxc6 Nge5
23.Qxd6  1-0

[Event "TCh-BEL 2007-8"]
[Site "Belgium BEL"]
[Date "2008.02.10"]
[Round "8"]
[White "Erwich,M"]
[Black "Maes,V"]
[Result "1-0"]
[WhiteElo "2416"]
[BlackElo "2164"]

1.e4 d5 2.exd5 Qxd5 3.Nc3 Qd8 4.d4 Nf6 5.Bc4 c6 6.Nf3 b5 7.Bb3 e6 8.Ne5 a6
9.Qf3 Qxd4 10.Nxc6 Qg4 11.Qxg4 Nxg4 12.Nxb8 Rxb8 13.f3 Nf6 14.Bf4 Rb7 15.Ke2 Be7
16.Rad1 O-O 17.Bd6 Rd7 18.Bxe7 Rxe7 19.g4 Bb7 20.g5 Nd7 21.Rd6 Nc5 22.Rhd1 f6
23.gxf6 Rxf6 24.Rf1 Nxb3 25.axb3 Rc7 26.Kd2 e5 27.Rxf6 gxf6 28.f4 exf4 29.Rxf4 Kg7
30.Ne2 Kg6 31.Nd4 h5 32.h4 Re7 33.c4 Re5 34.Kc3 bxc4 35.bxc4 a5 36.b4 axb4+
37.Kxb4 Re4 38.Rxe4 Bxe4 39.Kc5 f5 40.Ne6 Kf6 41.Kd6 f4 42.Nxf4 Bf3 43.Ne6 Be2
44.c5 Bf3 45.Nd4 Be4 46.c6 Bg2 47.c7 Bb7 48.Ne6 Bc8 49.Nc5 Kf5 50.Ke7 Kg4
51.Kd8 Bf5 52.Nd7  1-0

[Event "TCh-BEL 2007-8"]
[Site "Belgium BEL"]
[Date "2008.02.10"]
[Round "8"]
[White "Abergel,T"]
[Black "Grafl,F"]
[Result "0-1"]
[WhiteElo "2517"]
[BlackElo "2433"]

1.e4 d5 2.exd5 Qxd5 3.Nc3 Qd6 4.d4 Nf6 5.Nf3 a6 6.g3 Bg4 7.h3 Bh5 8.Bg2 Nc6
9.Bf4 Qb4 10.g4 Bg6 11.Qc1 O-O-O 12.O-O e6 13.a3 Qb6 14.Be3 Nd5 15.Nxd5 exd5
16.c4 f6 17.b4 Ne7 18.c5 Qb5 19.Qb2 Qa4 20.Rfc1 h5 21.Nd2 hxg4 22.hxg4 Bd3
23.Rc3 Be2 24.Nf3 Bc4 25.Bf4 Ng6 26.Bg3 Qd7 27.Nd2 Qxg4 28.Nxc4 dxc4 29.b5 a5
30.b6 c6 31.Rxc4 Ne5 32.dxe5 Qxc4 33.Rc1 Qg4 34.Qc2 fxe5 35.Re1 Rh5 36.Qc3 Rd1
37.Kf1 Qd4 38.Qxd4 Rxe1+ 39.Kxe1 exd4 40.Bf3 Rxc5 41.Bg4+ Kd8 42.Bc7+ Ke8
43.Bc8 Rb5 44.Bxb7 Kd7 45.Ba6 Rb1+ 46.Kd2 Rb2+  0-1

[Event "4th Open C Women"]
[Site "Moscow RUS"]
[Date "2008.02.10"]
[Round "9"]
[White "Vasilkova,S"]
[Black "Danielian,E"]
[Result "0-1"]
[WhiteElo "2359"]
[BlackElo "2480"]

1.e4 d5 2.exd5 Qxd5 3.Nc3 Qd6 4.d4 Nf6 5.Nf3 a6 6.g3 Bg4 7.Bg2 Nc6 8.h3 Bxf3
9.Bxf3 O-O-O 10.d5 Nb4 11.O-O Nbxd5 12.Nxd5 Nxd5 13.Qe2 e6 14.c4 Nf6 15.Bg5 Qd3
16.Bxf6 gxf6 17.Rfd1 Qxe2 18.Bxe2 Bc5 19.Rxd8+ Rxd8 20.Rd1 Bd4 21.Bh5 Rd7
22.Kg2 c5 23.b3 Kc7 24.f4 f5  0-1

[Event "10th TCh-Euro sen"]
[Site "Dresden GER"]
[Date "2008.02.11"]
[Round "1"]
[White "Braun,Go"]
[Black "Gollasch,T"]
[Result "1/2-1/2"]
[WhiteElo "2329"]
[BlackElo "2091"]

1.e4 d5 2.exd5 Qxd5 3.Nc3 Qd6 4.g3 c5 5.Bg2 Nf6 6.Nf3 Nc6 7.O-O Bg4 8.h3 Bh5
9.d3 e6 10.Bf4 Qd7 11.Qd2 Bxf3 12.Bxf3 Nd4 13.Bg2 Be7 14.Rae1 O-O 15.g4 Rac8
16.Kh1 Rfe8 17.Bg3 h5 18.g5 Nh7 19.Bf4 Nf8 20.Ne2 Ng6 21.Bg3 b6 22.Nxd4 cxd4
23.Be4 Nf8 24.c4 dxc3 25.bxc3 Rc5 26.f4 Rec8 27.Rc1 Qc7 28.Be1 g6 29.c4 Qd8
30.Qf2 R5c7 31.Bc3 Rd7 32.Ba1 Bc5 33.Qf3 Bd4 34.Bxd4 Rxd4 35.Qe3 Qd6 36.Rb1 a6
37.Rb3 Rb8 38.Kg2 Nd7 39.Rfb1 Nc5 40.Rc3 Nxe4 41.dxe4 Rd2+ 42.Kg3 Rxa2 43.Rcb3 Qd2
44.Qxd2 Rxd2 45.Rxb6 Rd3+ 46.Kg2 Rxb6 47.Rxb6 Rc3 48.Rxa6 Rxc4 49.Kg3 Rc3+
50.Kg2 Re3 51.Ra4 Kf8 52.f5 gxf5 53.exf5 exf5  1/2-1/2

[Event "10th TCh-Euro sen"]
[Site "Dresden GER"]
[Date "2008.02.14"]
[Round "4"]
[White "Peleikis,H"]
[Black "Schammo,J"]
[Result "1/2-1/2"]
[WhiteElo "2100"]
[BlackElo "2103"]

1.e4 d5 2.exd5 Qxd5 3.Nc3 Qd6 4.Be2 Nf6 5.Nf3 a6 6.d3 b5 7.O-O Bb7 8.Ng5 e6
9.Bf3 Nc6 10.Re1 Be7 11.Be3 O-O 12.Nce4 Qd7 13.Nc5 Bxc5 14.Bxc5 Rfe8 15.d4 Nd8
16.Bxb7 Nxb7 17.Ba3 Nd6  1/2-1/2

[Event "10th TCh-Euro sen"]
[Site "Dresden GER"]
[Date "2008.02.14"]
[Round "4"]
[White "Wibe,P"]
[Black "Mewes,H"]
[Result "0-1"]
[WhiteElo "1791"]
[BlackElo "1958"]

1.e4 d5 2.exd5 Qxd5 3.Nc3 Qd6 4.d4 Nf6 5.Nf3 c6 6.Bc4 Be6 7.Bd3 Bg4 8.Be3 e6
9.Qe2 Nbd7 10.h3 Bh5 11.g4 Bg6 12.Rd1 Qc7 13.d5 cxd5 14.Bxg6 hxg6 15.Nxd5 Qa5+
16.Nc3 Nxg4 17.Qd3 Nge5 18.Nxe5 Nxe5 19.Qe4 Nc6 20.Ke2 Be7 21.Bd4 Rh4 22.f4 Qh5+
23.Ke1 g5 24.Nb5 Kf8 25.Be5 Nxe5 26.Qxb7 Qf3 27.Qxf3 Nxf3+ 28.Kf2 Rxf4 29.Kg2 Nh4+
30.Kg3 Rf3+ 31.Kg4 g6  0-1

[Event "60th ch-POL w"]
[Site "Krakow POL"]
[Date "2008.02.16"]
[Round "3"]
[White "Socko,M"]
[Black "Golek,J"]
[Result "1-0"]
[WhiteElo "2479"]
[BlackElo "2044"]

1.e4 d5 2.exd5 Qxd5 3.Nc3 Qd8 4.d4 Nf6 5.Bc4 c6 6.Nf3 Bf5 7.h3 e6 8.Nh4 Bg6
9.Nxg6 hxg6 10.Qd3 Nd5 11.Ne2 Nd7 12.Bd2 N7f6 13.Bb3 Qd7 14.c4 Ne7 15.O-O-O Nf5
16.g4 Nd6 17.Nc3 O-O-O 18.Bf4 Nde8 19.Kb1 Bd6 20.Be3 Nc7 21.d5 c5 22.g5 Nh5
23.Ne4 exd5 24.Nxc5 Qe7 25.Na4 Kb8 26.cxd5 Na6 27.Rhe1 Qd7 28.Qd4 b6 29.Rc1 Qf5+
30.Ka1 Rc8 31.Nxb6 Bc5 32.Qe5+ Kb7 33.Qxf5 gxf5 34.Nxc8 Rxc8 35.Bc4  1-0

[Event "1st Pfalz Open"]
[Site "Neustadt a.d. Weinstrasse GER"]
[Date "2008.02.16"]
[Round "1"]
[White "Bongers,E"]
[Black "Epishin,V"]
[Result "0-1"]
[WhiteElo "2071"]
[BlackElo "2577"]

1.e4 d5 2.exd5 Qxd5 3.Nc3 Qd6 4.d4 Nf6 5.g3 c6 6.a3 Bf5 7.Bg2 e6 8.Bf4 Qd8
9.Qd2 Nbd7 10.Nf3 Be7 11.Nh4 Bg4 12.h3 Bh5 13.g4 Bg6 14.Nxg6 hxg6 15.O-O-O Nd5
16.Kb1 N7b6 17.Nxd5 cxd5 18.Bf1 Rc8 19.Qa5 a6 20.Bd3 Rc6 21.Bc1 g5 22.f4 gxf4
23.Bxf4 Nc4 24.Qxd8+ Bxd8 25.Ka2 g5 26.Bc1 b5 27.Rde1 Bf6 28.b3 Nd6 29.Bb2 Bg7
30.Rh2 a5 31.Bc1 Bf6 32.Rf1 Bd8 33.Bb2 Kf8 34.Re2 Kg7 35.Re3 b4 36.Ref3 Rh6
37.axb4 axb4 38.Bc1 Rc7 39.Bd2 Rb7 40.Kb2 Rf6 41.Rxf6 Bxf6 42.c3 e5 43.dxe5 Bxe5
44.Bxg5 bxc3+ 45.Kc2 Ra7 46.Kb1 Ra3 47.Kc2 Ra2+ 48.Kd1 Rh2 49.h4 f6 50.Bc1 Ne4
51.Bxe4 dxe4 52.Bf4 Bxf4 53.Rxf4 e3 54.Rc4 Rd2+ 55.Ke1 c2  0-1

[Event "XXIV Open"]
[Site "Cappelle La Grande FRA"]
[Date "2008.02.18"]
[Round "4"]
[White "Platel,A"]
[Black "Kocur,M"]
[Result "1-0"]
[WhiteElo "2248"]
[BlackElo "1930"]

1.e4 d5 2.exd5 Qxd5 3.Nc3 Qd6 4.d4 Nf6 5.Nf3 a6 6.g3 Bg4 7.Bg2 Nc6 8.Bf4 Qb4
9.a3 Qxb2 10.Ne2 Nd5 11.Rb1 Qa2 12.O-O Nxf4 13.Nxf4 g5 14.Ne2 Bf5 15.Ne1 Qc4
16.Rxb7 O-O-O 17.Qb1 Na5 18.Rb8+ Kd7 19.Rxd8+ Kxd8 20.Nd3 Qb5 21.Qa2 Bxd3
22.cxd3 Qb3 23.Qd2 Qb5 24.Nc3 Nb3 25.Qb2 Qb6 26.Nd5 Qb5 27.Qc3 c6 28.Nb4 e6
29.Qxb3 Bxb4 30.axb4 a5 31.Ra1 Kc7 32.Rxa5  1-0

[Event "XXIV Open"]
[Site "Cappelle La Grande FRA"]
[Date "2008.02.19"]
[Round "5"]
[White "Adamowicz,K"]
[Black "Hasangatin,R"]
[Result "0-1"]
[WhiteElo "2079"]
[BlackElo "2481"]

1.e4 d5 2.exd5 Qxd5 3.Nc3 Qd6 4.d4 c6 5.Nf3 Bg4 6.Be3 Nf6 7.h3 Bxf3 8.Qxf3 e6
9.g3 Be7 10.Bg2 O-O 11.O-O Nbd7 12.Rad1 Nb6 13.Rfe1 Rfe8 14.Ne4 Nxe4 15.Qxe4 Qd5
16.a3 Qxe4 17.Bxe4 Rad8 18.Bd3 Na4 19.Bc1 Rd7 20.Bc4 Red8 21.c3 b5 22.Be2 Nb6
23.Bf3 Nd5 24.Rd3 Bf6 25.Be4 a5 26.Rf3 Ne7 27.Bf4 Nd5 28.Bc1 b4 29.axb4 axb4
30.Bd2 Rb7 31.Ra1 bxc3 32.bxc3 Rb2 33.Rd3 g6 34.Ra6 Rc8 35.Kg2 Kg7 36.h4 h6
37.Be3 Rc2 38.Bd2 Rc7 39.Kf3 g5 40.h5 Rb2 41.c4 Nb4 42.Bxb4 Rxb4 43.Rxc6 Rxc6
44.Bxc6 Rxc4 45.d5 e5 46.Ke2 e4 47.Rd2 Bd8 48.Bd7 Kf6 49.g4 Ke5 50.f3 Ba5
51.Ra2 Bb6 52.fxe4 Rxe4+ 53.Kf3 Rf4+ 54.Kg3 Kxd5 55.Bf5 Rb4 56.Kf3 Rb3+ 57.Ke2 Ke5
58.Ra8 Bc5 59.Rh8 Rb6 60.Kd3 Ra6 61.Kc4 Bf2 62.Rh7 Rf6 63.Kd3 Kf4 64.Ke2 Bd4
65.Kd3 Bb2 66.Ke2 Kg3 67.Bc8 Bd4 68.Kd3 Bb2 69.Ke2 Kf4 70.Kd3 Ke5 71.Rh8 Kd6
72.Re8 Rf1 73.Bf5 Bf6 74.Kc4 Rf3 75.Kb4 Be5 76.Kc4 Rc3+ 77.Kb4 Rc7 78.Rd8+ Ke7
79.Rd3 Kf6 80.Rd8 Ke7 81.Rd3 Bd6+ 82.Kb3 Rc5 83.Rd1 Bf4 84.Bh7 Kf6 85.Kb4 Rc7
86.Bf5 Be5 87.Rd3 Rc1 88.Rf3 Bf4 89.Bh7 Ke5 90.Bf5 Rh1 91.Bh7 Rh4 92.Bf5 Rxh5
93.gxh5 Kxf5 94.Kc4 g4 95.Rf1 Ke4 96.Kc3 g3 97.Kc2 g2 98.Re1+ Be3  0-1

[Event "Masters"]
[Site "Bunratty IRL"]
[Date "2008.02.22"]
[Round "1"]
[White "Svidler,P"]
[Black "Lyons,B"]
[Result "1-0"]
[WhiteElo "2763"]
[BlackElo "2115"]

1.e4 d5 2.exd5 Qxd5 3.Nc3 Qd8 4.d4 Nf6 5.Nf3 c6 6.Bc4 b5 7.Bd3 e6 8.a4 b4
9.Ne4 Nbd7 10.O-O Be7 11.Ne5 Nxe5 12.dxe5 Nxe4 13.Bxe4 Qxd1 14.Rxd1 Bb7 15.Be3 a5
16.g3 Rc8 17.Rd2 Ba8 18.Rad1 O-O 19.Rd7 Bd8 20.Bc5 Re8 21.Ra7 Bc7 22.f4 Red8
23.Rxd8+ Bxd8 24.Kf1 g5 25.Bd3 gxf4 26.Ba6 Rb8 27.Bd6  1-0

[Event "6th Festival Gp A"]
[Site "Nancy FRA"]
[Date "2008.02.22"]
[Round "7"]
[White "Landa,K"]
[Black "Bauer,Ch"]
[Result "1/2-1/2"]
[WhiteElo "2641"]
[BlackElo "2614"]

1.e4 d5 2.exd5 Qxd5 3.Nc3 Qd6 4.d4 Nf6 5.Nf3 a6 6.g3 Bg4 7.h3 Bh5 8.Bg2 Nc6
9.Bf4 Qb4 10.a3 Qxb2 11.Na4 Qb5 12.c4 Qxc4 13.Rc1 Qe6+ 14.Be3 Nd5 15.O-O Nxe3
16.fxe3 Qxe3+ 17.Kh1 e6 18.g4 Bxg4 19.hxg4 Qh6+ 20.Kg1 Bxa3 21.Rc3 Bb4 22.g5 Qh5
23.Rc4 O-O 24.Ne5 Qxg5 25.Nxc6 Qe3+ 26.Kh1 Qh6+ 27.Kg1 Qe3+ 28.Kh1 Qh6+  1/2-1/2